| 000 | 00666nam a22001937a 4500 | ||
|---|---|---|---|
| 003 | OSt | ||
| 005 | 20260203032808.0 | ||
| 008 | 260203b |||||||| |||| 00| 0 eng d | ||
| 020 | _a971-9286-1-2 | ||
| 040 |
_aDWC-Main Lib _cOC |
||
| 082 | _aFil. 370.9599 P552 2005 | ||
| 245 |
_aPhilippine education in the third millennium : _bissues and challenges, concerns |
||
| 260 |
_aPhilippines : _bGNS Enterprises, _cc2005 |
||
| 300 |
_ax, 397 pages : _c23 cm. |
||
| 650 | _a1. Education | ||
| 700 |
_aDela Rosa, Lydia _ecompiler |
||
| 700 |
_aColinares, Nilo E. _ecompiler |
||
| 942 |
_2ddc _cBK - FIL _hFil. 370.9599 P552 2005 _kCFil. _n0 |
||
| 999 |
_c8172 _d8172 |
||